000 00314nam a2200133Ia 4500
008 220916s9999 xx 000 0 und d
020 _a9788125601050
100 _aMAHAPATRA, D. KAR
245 0 _aDRUG DESIGN
260 _bTARA PUBLISHERS, DELHI
_c2021
300 _a288
650 _aPharmaceutics
942 _cBK
999 _c94038
_d94038